header

Work-related musculoskeletal disorders (Record no. 63794)

MARC details
000 -LEADER
fixed length control field 01581nam a22003494a 4500
082 04 - DEWEY DECIMAL CLASSIFICATION NUMBER
Classification number 616.9/803
245 00 - TITLE STATEMENT
Title Work-related musculoskeletal disorders
260 ## - PUBLICATION, DISTRIBUTION, ETC. (IMPRINT)
Place of publication Washington, DC :
Name of publisher National Academy Press,
Year of publication 1998.
300 ## - PHYSICAL DESCRIPTION
Number of Pages vii, 34 p. :
Other physical details ill.
490 1# - SERIES STATEMENT
Series statement The compass series
650 #0 - SUBJECT ADDED ENTRY--TOPICAL TERM
Topical Term Musculoskeletal system
Topical Term Industrial accidents.
Topical Term Disability evaluation.
856 40 - ELECTRONIC LOCATION AND ACCESS
Uniform Resource Identifier http://site.ebrary.com/lib/rucke/Doc?id=10055135

No items available.

© 2026 Rongo University
Contact us: librarian | system librarian | Rongo university